Statistics for top 15 nfl players of 2016

Click here to take the quiz!

General Stats

  • This quiz has been taken 290 times
  • The average score is 11 of 15

Answer Stats

hintAnswer% Correct
vonmiller
99%
deflate gatebrady
95%
gronkgronkowski
93%
its a breesbrees
91%
megatronjohnson
87%
danger russwilson
86%
supermannewton
84%
retired now #18manning
83%
im the best corner in the leaguesherman
75%
island cornerrevis
71%
#1 reciver in leaguebrown
70%
redskins new cornernorman
67%
child abuserpeterson
64%
miracle manrodgers
40%
spc catchbeckham jr
38%

Score Distribution

Percentile by Number Answered

Percent of People with Each Score

Your Score History

You have not taken this quiz